| 000 | 00791cam a2200241 4500 | ||
|---|---|---|---|
| 001 | B3411 | ||
| 008 | 090401t1990 xxu||||| |||| 00| 0 eng d | ||
| 035 | _a(Sirsi) u55909 | ||
| 041 | _aeng | ||
| 050 | _a333.33 | ||
| 090 | _aRICS 1990/89AB | ||
| 110 |
_aRoyal Institution of Chartered Surveyors _94900 |
||
| 245 | 4 | _aThe members` conference. Birmingham Metropole 18-20 October 1990. Paper synopses | |
| 260 | _c1990 | ||
| 300 | _aca.100p. ; 30cm. | ||
| 350 | _a0 | ||
| 520 | _aEnclosure: a list of the synopses by Division and author and title indicating which papers are held by the library in a fuller version. | ||
| 650 | _aANNUAL CONFERENCE 1990 | ||
| 650 | _aINSTITUTION AND COLLEGE CONFERENCES | ||
| 650 | _aMEMBERS CONFERENCE 1990 | ||
| 942 | _n0 | ||
| 948 | _c04/03/1997 | ||
| 999 |
_c93674 _d93674 |
||